Regional organization: (Record no. 90102)

MARC details
000 -LEADER
fixed length control field 00930cam a22002411 4500
001 - CONTROL NUMBER
control field sd 65000006
003 - CONTROL NUMBER IDENTIFIER
control field DLC
005 - DATE AND TIME OF LATEST TRANSACTION
control field 20260227112737.0
008 - FIXED-LENGTH DATA ELEMENTS--GENERAL INFORMATION
fixed length control field 771006r1965uuuudcu f000 0 eng c
010 ## - LIBRARY OF CONGRESS CONTROL NUMBER
LC control number sd 65000006
035 ## - SYSTEM CONTROL NUMBER
System control number (OCoLC)3321819
040 ## - CATALOGING SOURCE
Original cataloging agency U. S. Dept. of State
Transcribing agency MH
Modifying agency DLC
042 ## - AUTHENTICATION CODE
Authentication code premarc
050 00 - LIBRARY OF CONGRESS CALL NUMBER
Classification number D844
Item number .R645
100 1# - MAIN ENTRY--PERSONAL NAME
Personal name Rostow, W. W.
Fuller form of name (Walt Whitman),
Dates associated with a name 1916-2003.
245 10 - TITLE STATEMENT
Title Regional organization:
Remainder of title a planners perspective.
260 ## - PUBLICATION, DISTRIBUTION, ETC.
Place of publication, distribution, etc. [Washington]
Name of publisher, distributor, etc. Dept. of State; [for sale by the Superintendent of Documents, U. S. Govt. Print. Off.,
Date of publication, distribution, etc. 1965]
300 ## - PHYSICAL DESCRIPTION
Extent 16 p.
Dimensions 22 cm.
490 1# - SERIES STATEMENT
Series statement [United States] Dept. of State. Publication 7923. General foreign policy series,
Volume/sequential designation 203
500 ## - GENERAL NOTE
General note "Reprinted from the Department of State bulletin of June 21, 1965."
650 #0 - SUBJECT ADDED ENTRY--TOPICAL TERM
Topical term or geographic name entry element World politics
Chronological subdivision 1965-1975.
830 #0 - SERIES ADDED ENTRY--UNIFORM TITLE
Uniform title Department of State publication.
Name of part/section of a work General foreign policy series ;
Volume/sequential designation 203.

No items available.

Powered by Koha